000 00292nam a22001337a 4500
008 170713b xxu||||| |||| 00| 0 eng d
020 _a9780813527314
041 _aeng
080 _a101
100 _a24
101 _aFIL
245 _aTHE EVOLUTION OF CULTURE
_cDUNBAR,R
942 _2udc
_cBK
999 _c20552
_d20552